Представление документа в формате MARC21

Поле Инд. ПП Название Значение
Тип записи a
Библиографический уровень b
001 Контрольный номер AdmiBIBL00015816
005 Дата корректировки 20141216140648.4
008 Кодируемые данные 071115
040 a Служба первич. каталог. НБ ТвГУ
041 a Код языка текста rus
098 b Факультет Педагогический
c Кафедра теологии
100 1_ a Автор Ильина Т. А.
245 00 a Заглавие Литературное краеведение и методические возможности использования литературно-краеведческого материала в дошкольной аудитори
c Ответственность Т. А. Ильина
650 a Основная рубрика Литературное краеведение
650 a Основная рубрика Дошкольные учреждения
650 a Основная рубрика Патриотическое воспитание
653 a Ключевые слова Литературное краеведение
a Ключевые слова Дошкольники
a Ключевые слова Патриотическое воспитание
a Ключевые слова Афанасий Никитин
a Ключевые слова Труды Тверского государственного университета
653 a Ключевые слова Хожение за три моря
a Ключевые слова Конспект занятия
700 1_ a Другие авторы Бабушкина Т. В.
e Роль лиц отв. ред.
773 t Название источника Родная словесность в школе и вузе : межвуз. сб. науч. тр. /Твер. гос. ун-т ; [редкол.: Т. В. Бабушкина (отв. ред.) и др.]
d Место и дата издания Тверь : ТвГУ, 2004
g Прочая информация С. 150-158
w Контрольный № источника RU/IS/BASE/356616740
852 h Классифик. часть индекса *
901 t Тип документа a
999 a Подразделение 2 В б-ке нет